000 00627nam a2200241Ia 4500
001 20559
005 20240114000522.0
007 ta
008 060223s1878 a g b000 u 465 u
040 _aCotton College,Assam
041 _a465
082 _a821.09
_bR 259 P
100 _aReeve, Henry .
245 0 _aPetrarch /
_cHenry Reeve.
_hTextual Documents
250 _a1st ed. /
260 _aLondon :
_bWilliam Blackwood & Sons ,
_c1878.
300 _a148p. :
_bill ;
_c17cm .
653 _aEnglish poetry-Criticism
653 _aG-English
942 _2ddc
_cBK
999 _c20541
_d20541